| 000 | 00474nam a2200121Ia 4500 | ||
|---|---|---|---|
| 008 | 160712s9999 xx 000 0 und d | ||
| 100 | _aBawagan, Aleli B. | ||
| 245 |
_cAleli B. Bawagan _aCommunity-Based Disaster Risk Reduction and Management Framework: Lessons from Implementation |
||
| 260 |
_c2011 _bPhilippine Journal of Social Development |
||
| 300 | _avol. 3 | ||
| 650 | _xSOCIAL DEVELOPMENT | ||
| 856 | _uhttp://journals.upd.edu.ph/index.php/pjsd/issue/view/413/showToc | ||
| 999 |
_c297673 _d297673 |
||